Statistics for The Nordic Countries and overseas Territories

Click here to take the quiz!

General Stats

  • This quiz has been taken 32 times
    (18 since last reset)
  • The average score is 8 of 10

Answer Stats

Country% Correct
Denmark
100%
Finland
100%
Iceland
100%
Norway
100%
Sweden
100%
Greenland
94%
Faroe Islands
69%
Svalbard
56%
Åland Islands
50%
Jan Mayen
19%

Score Distribution

Percentile by Number Answered

Percent of People with Each Score

Your Score History

You have not taken this quiz since the last reset